Enterprise Episodes (Friends style) Quiz Stats

 Plays Quiz not verified by Sporcle

Score 0/97 Timer 15:00
0 Plays Today
season episode % Correct
season 1Broken Bow
87.7%
season 1Unexpected
69.9%
season 2The Catwalk
68.5%
season 1Fight or Flight
67.1%
season 1Shuttlepod One
67.1%
season 2A Night in Sickbay
65.8%
season 1Dear Doctor
64.4%
season 2The Communicator
64.4%
season 1The Andorian Incident
63%
season 1Rogue Planet
60.3%
season 1Acquisition
60.3%
season 4These Are the Voyages...
60.3%
season 2Cogenitor
58.9%
season 1Strange New World
57.5%
season 1Shadows of P'Jem
57.5%
season 2Canamar
57.5%
season 2Carbon Creek
56.2%
season 2Minefield
56.2%
season 1Breaking the Ice
54.8%
season 1Two Days and Two Nights
54.8%
season 1Shockwave
54.8%
season 1Fortunate Son
53.4%
season 2Shockwave, Part II
53.4%
season 2Regeneration
53.4%
season 1Terra Nova
52.1%
season 1Sleeping Dogs
52.1%
season 1Desert Crossing
52.1%
season 4Storm Front
52.1%
season 4Cold Station 12
50.7%
season 4In a Mirror, Darkly Part I
50.7%
season 4In a Mirror, Darkly Part II
50.7%
season 1Silent Enemy
49.3%
season 1Fusion
49.3%
season episode % Correct
season 1Vox Sola
49.3%
season 1Fallen Hero
49.3%
season 2Dead Stop
49.3%
season 2Horizon
49.3%
season 3The Xindi
47.9%
season 3E2
47.9%
season 4The Aenar
47.9%
season 2The Seventh
46.6%
season 2The Expanse
46.6%
season 4Storm Front, Part II
46.6%
season 3The Council
45.2%
season 4The Augments
45.2%
season 4Terra Prime
45.2%
season 2Singularity
43.8%
season 2Future Tense
43.8%
season 3North Star
43.8%
season 3Carpenter Street
43.8%
season 3Damage
43.8%
season 3Zero Hour
43.8%
season 4Home
43.8%
season 1Cold Front
42.5%
season 1Oasis
42.5%
season 3Doctor's Orders
42.5%
season 4Borderland
42.5%
season 4Kir'Shara
42.5%
season 4Babel One
42.5%
season 2Stigma
41.1%
season 2First Flight
41.1%
season 3Exile
41.1%
season 3Twilight
41.1%
season 4Affliction
41.1%
season 1Civilization
39.7%
season 4Divergence
39.7%
season episode % Correct
season 4Bound
39.7%
season 2Cease Fire
38.4%
season 2Bounty
38.4%
season 3Extinction
38.4%
season 3Similitude
38.4%
season 3Hatchery
38.4%
season 4The Forge
38.4%
season 1Detained
37%
season 2Vanishing Point
37%
season 3Rajiin
37%
season 3Azati Prime
37%
season 3Countdown
37%
season 4Demons
37%
season 3Impulse
35.6%
season 2Precious Cargo
34.2%
season 2Marauders
32.9%
season 3Proving Ground
32.9%
season 3Harbinger
32.9%
season 4Daedalus
32.9%
season 2The Crossing
31.5%
season 3Anomaly
31.5%
season 3The Shipment
31.5%
season 2Dawn
30.1%
season 2The Breach
30.1%
season 3The Forgotten
30.1%
season 4Observer Effect
30.1%
season 2Judgment
28.8%
season 4United
28.8%
season 3Stratagem
27.4%
season 4Awakening
27.4%
season 3Chosen Realm
26%

You're not logged in!

Compare scores with friends on all Sporcle quizzes.
OR
Log In

Show Comments

Extras

Top Quizzes Today


Score Distribution

Your Account Isn't Verified!

In order to create a playlist on Sporcle, you need to verify the email address you used during registration. Go to your Sporcle Settings to finish the process.

Report this User

Report this user for behavior that violates our Community Guidelines.

Details: